| 000 | 00386nam a2200169Ia 4500 | ||
|---|---|---|---|
| 100 | _aShimbun/Kikkan Kogyo | ||
| 650 | _aQualtiy | ||
| 942 | _cRB | ||
| 366 | _f25 | ||
| 654 | _aquality | ||
| 245 | _aPoka-Yoke:Improving product qualtiy by preventing defects | ||
| 260 |
_bCRC Press _c2007 |
||
| 082 |
_a658.56 _bSHI |
||
| 300 | _a282 | ||
| 546 |
_aENGLISH _cInfo.Tech |
||
| 999 |
_c32886 _d32886 |
||